BIBLIOTHÈQUE DE LA MAISON DU MEXIQUE

Logo 1 Logo 2

Un nouveau commentaire du Codex de Dresde (notice nᵒ 11106)

détails MARC
000 -Sello discográfico
campo de control de longitud fija 00930nam a2200289 4500
005 - Identificación de versión
campo de control 20251211140004.0
010 ## - Número Estándar Internacional de Libros (ISBN)
Número (ISBN) 2-271-05503-2
035 ## - Otros números de control del sistema
Número de control del sistema 30018
099 ## - fechas locales
Tipo de ítem Koha LIBRO
100 ## - Datos de procesamiento general
Datos de procesamiento general 20040311d1997 m y1spay5003 ba
101 ## - Idioma del recurso
Idioma del texto, banda sonora, etc. Francés
105 ## - Campo de datos codificados: Material textual, monográfico
Datos codificados de monografía a 001zy
200 1# - Título y mención de responsabilidad
Título propio Un nouveau commentaire du Codex de Dresde
Designación general del material texto impreso
Otra información del título codex hiéroglyphique maya du XIVe siècle
Primer mención de responsabilidad Michel Davoust
210 ## - Publicación, distribución, etc.
Lugar de publicación, distribución, etc. Paris
Nombre del editor, distribuidor, etc. Centre National de la Recherche Scientifique Editions
Fecha de publicación, distribución, etc. 1997
215 ## - Descripción física
Designación de material específico y extensión del ítem 330 p
Otras características físicas il.
Dimensiones 27 cm
345 ## - Nota de información de adquisición
Fuente de adquisición/dirección de la suscripción [OBSOLETO] Donación
606 ## - Término temático usado como materia
Elemento de entrada Códice de Dresde
Número Koha 3000
606 ## - Término temático usado como materia
Elemento de entrada Manuscritos mayas
Número Koha 3203
607 ## - Nombre geográfico utilizado como tema
Elemento de entrada México
Subdivisión temática Historia
Subdivisión cronológica Hasta 1519
Subdivisión temática Fuentes
Número Koha 1662
660 ## - Código de área geográfica
Código MX
700 ## - Nombre personal - Responsabilidad primaria
Elemento de entrada Davoust
Parte del nombre distinta del elemento de entrada Michel
Número Koha 24
801 #0 - Fuente de origen
País FR
Agencia cm
Reglas de catalogación (convenciones descriptivas) AFNOR
856 ## - Localización electrónica y acceso
Identificador Uniforme de Recurso https://gallica.bnf.fr/ark:/12148/bpt6k3371469x.texteImage
942 ## - ELEMENTOS DE ENTRADA SECUNDARIOS (KOHA)
Tipo de ítem Koha Livre
Exemplaires
Estatus retirado Estado de daño Estado de pérdida Fuente de la clasificación o esquema de estantería Fecha de adquisición Biblioteca de origen Biblioteca actual Código de barras Precio de reemplazo Signatura topográfica completa No para préstamo Tipo de ítem Koha Nota no pública
      Clasificación Decimal Dewey 11/12/2025 Casa México Paris Casa México Paris 012971 11/12/2025 972.01 D266n   Livre 751145101